000
00202 a2200097 4500
001
11056
100
_a
Liaquat Ali Khan
245
_a
Pakistan
260
_a
_b
National Book Fod
_c
090
_c
8621
_d
8621
942
_a
NUST-CAE
_c
M
_c
35402
999
_c
246129
_d
246129